Tudy cesta nevede : slabé ženy, nebezpeční muži a jiné omyly radikálního feminismu / Elisabeth Badinterová ; [z francouzského originálu ... přeložila Alena Lhotová]
Record details
- ISBN: 80-246-0885-5
- Physical Description: 145 s. ; 21 cm
- Edition: Vyd. 1.
- Publisher: V Praze : Karolinum, 2004
Content descriptions
| Bibliography, etc. Note: | Obsahuje bibliografické odkazy |
Search for related items by subject
| Subject: | feminismus muži a ženy gender ženy > společenské postavení feminism men and women gender women > social conditions |
| Genre: | studie studies |
Available copies
- 1 of 1 copy available at Common Catalog SPOK.
Holds
- 0 current holds with 1 total copy.
Show Only Available Copies
| Location | Call Number / Copy Notes | Barcode | Shelving Location | Status | Due Date |
|---|---|---|---|---|---|
| Jabok Library | Soc-1.8.7 | 424480021442 | Odborná literatura | Available | - |
| LDR | 01688nam a2200469 a 4500 | ||
|---|---|---|---|
| 001 | 13565 | ||
| 003 | CZ-PrJAB | ||
| 005 | 20191023133228.0 | ||
| 007 | ta | ||
| 008 | 050120s2004 xr e 000 0 cze | ||
| 015 | . | ‡acnb001493014 | |
| 020 | . | ‡a80-246-0885-5 ‡q(brož.) | |
| 035 | . | ‡a(CZ PrNK)cpk20041493014 | |
| 035 | . | ‡a(OCoLC)85125041 | |
| 040 | . | ‡aABA001 ‡bcze | |
| 041 | 1 | . | ‡acze ‡hfre |
| 072 | 7. | ‡a316.3 ‡xGlobální společnosti. Sociální struktura. Sociální skupiny ‡2Konspekt ‡918 | |
| 080 | . | ‡a141.72 ‡2MRF | |
| 080 | . | ‡a316.346.2 ‡2MRF | |
| 080 | . | ‡a316.66-055.1/.3 ‡2MRF | |
| 080 | . | ‡a316.346.2-055.2 ‡2MRF | |
| 080 | . | ‡a(048.8) ‡2MRF | |
| 100 | 1 | . | ‡aBadinter, Élisabeth, ‡d1944- ‡7jn20020118020 ‡4aut |
| 245 | 1 | 0. | ‡aTudy cesta nevede : ‡bslabé ženy, nebezpeční muži a jiné omyly radikálního feminismu / ‡cElisabeth Badinterová ; [z francouzského originálu ... přeložila Alena Lhotová] |
| 250 | . | ‡aVyd. 1. | |
| 260 | . | ‡aV Praze : ‡bKarolinum, ‡c2004 | |
| 300 | . | ‡a145 s. ; ‡c21 cm | |
| 504 | . | ‡aObsahuje bibliografické odkazy | |
| 650 | 0 | 7. | ‡afeminismus ‡7ph120150 ‡2czenas |
| 650 | 0 | 7. | ‡amuži a ženy ‡7ph123061 ‡2czenas |
| 650 | 0 | 7. | ‡agender ‡7ph175751 ‡2czenas |
| 650 | 0 | 7. | ‡aženy ‡7ph127967 ‡xspolečenské postavení ‡2czenas |
| 650 | 0 | 9. | ‡afeminism ‡2eczenas |
| 650 | 0 | 9. | ‡amen and women ‡2eczenas |
| 650 | 0 | 9. | ‡agender ‡2eczenas |
| 650 | 0 | 9. | ‡awomen ‡xsocial conditions ‡2eczenas |
| 655 | 7. | ‡astudie ‡7fd133597 ‡2czenas | |
| 655 | 9. | ‡astudies ‡2eczenas | |
| 765 | 0 | . | ‡tFausse route ‡9Česky |
| 910 | . | ‡aABG312 | |
| 995 | . | ‡aska | |
| 901 | . | ‡a13565 ‡bCZ PrNK ‡c13565 ‡tbiblio | |